Alber Einstein - k 125. výročiu narodenia

Bibliographic Details
Main Author: Šebesta, Juraj (Author)
Format: Article
Language:Slovak
ISSN:1335-4981
Subjects:

MARC

LEADER 00000nab a2200000 a 4500
001 vtls000884070
003 SK-MaSNL
005 20260304114132.0
008 250429c2004 xo 0 slo
015 |a SNBRB2004/09-26261 
035 |a CLN000235536 
035 |a urn:nbn:sk:snk-abt6r 
035 |a (urnnbn)urn:nbn:sk:snk:ar-a052p6 
035 |a (uuid)794e46e1-1c7d-474c-84de-3c594d2c1f30 
040 |a SNKBUCL  |b slo  |c SNKBUCL  |e AACR2 
041 0 |a slo 
044 |a xo  |c SK 
080 |a 53-051  |2 1997 
080 |a 929 Einstein, Albert  |2 1997 
100 1 |a Šebesta, Juraj  |4 aut  |9 5814 
245 1 0 |a Alber Einstein - k 125. výročiu narodenia  |c Juraj Šebesta 
504 |a Bibliogr. odkazy 
504 |a Res. angl., slov. 
600 1 7 |a Einstein, Albert,  |d 1879-1955  |2 snkbucl  |9 118194 
655 7 |a články z novín a časopisov  |2 snkbucl  |9 267496 
773 0 |t Obzory matematiky, fyziky a informatiky  |g Roč. 33, č. 1 (2004), s. 36-55  |x 1335-4981 
850 |a Slovenská národná knižnica 
852 |a Slovenská národná knižnica 
954 |a odborná, vedecká literatúra pôvodná (slovenská)  |2 lita 
958 |a article27 
958 |a NE 
958 |a NB 
958 |a BC 
958 |a OND 
958 |a EUIPO 
999 |c 2871921  |d 2873851